000 00447nam a2200181Ia 4500
001 10252
005 20260306161818.0
008 260306t2014||||xx |||||||||||||| ||spa||
041 _aESP
082 _a909.82
_bZ37
100 _aZapata, Antonio
_eAUT
245 0 _aUn mundo incierto:
_bhistoria universal contemporánea
260 _c2014
300 _a352 páginas :
_c20 cm.
650 _aGEN
654 _aCHU
942 _cLIB
_dJUS
_fJUS
_2ddc
_n
999 _c10252
_d10252